000 00352nam a2200145Ia 4500
005 20250415094811.0
008 231217s9999 xx 000 0 und d
020 _a9789332587120
082 _a658.3 HAR;1 R
100 _aJames, P S.
245 0 _aOrganisational behavior
260 _c2017
_bJaico
_aMumbai
300 _axxxvi, 1.10
942 _cAA
999 _c199915
_d199915